000 00644nam a2200193 i 4500
001 141432
003 ES-MaACL
005 20251001143314.0
007 t|
008 070924s1969 sp ||||1| spa d
080 _a271-055.2(079.5)
100 1 _aVillatte, Sabine.
_9115166
245 1 1 _a¿Qué se piensa de las religiosas?
_b: comentarios a una encuesta entre las jóvenes /
_cSabine Villate ; [versión... por Javier Moreno].
260 _aBilbao :
_bMensajero,
_c[1969]
300 _a229 p. ;
_c20 cm.
700 _aMoreno, Javier,
_d1963-
_9235032
852 _aES-MaACL
_jC-51010
_bR.69546
999 _c141432
_d141432